书目信息 |
| 题名: |
伯克利物理学教程
|
|
| 作者: | 瑞夫 著 ;周世勋 , 徐正惠 , 龚少明 译 | |
| 分册: | 第5卷 统计物理学 | |
| 出版信息: | 北京 机械工业出版社 2016.08 |
|
| 页数: | 19,335页 | |
| 开本: | 25cm | |
| 丛书名: | ||
| 单 册: | ||
| 中图分类: | O4 , O414.2 | |
| 科图分类: | ||
| 主题词: | 物理学--教材 , 统计物理学--教材 | |
| 电子资源: | ||
| ISBN: | 978-7-111-50445-0 | |
| 000 | 01342nam0 2200337 450 | |
| 001 | 0120162004684 | |
| 005 | 20170418153306.06 | |
| 010 | @a978-7-111-50445-0@b精装@dCNY78.00 | |
| 100 | @a20160921d2016 em y0chiy50 ea | |
| 101 | 1 | @achi@ceng |
| 102 | @aCN@b110000 | |
| 105 | @aak z 001yy | |
| 106 | @ar | |
| 200 | 1 | @a伯克利物理学教程@9bo ke li wu li xue jiao cheng@eSI版@h第5卷@i统计物理学@dBerkeley physics course@iStatistical physics@e翻译版@f(美)F.瑞夫(F. Reif)著@g周世勋,徐正惠,龚少明译@zeng |
| 210 | @a北京@c机械工业出版社@d2016.08 | |
| 215 | @a19,335页@c图@d25cm | |
| 300 | @a“十三五”国家重点出版物出版规划项目 | |
| 306 | @a由麦格劳-希尔(亚洲)教育出版公司和机械工业出版社合作出版 | |
| 330 | @a本书共8章:宏观体系的特征、基本的几率概念、多粒子体系的统计描述、热相互作用、微观理论与宏观测量、经典近似中的正则分布、一般热力学相互作用,以及输运过程分子运动论基础。 | |
| 333 | @a高等院校物理学相关人员 | |
| 510 | 1 | @aBerkeley physics course@iStatistical physics@zeng |
| 606 | 0 | @a物理学@j教材 |
| 606 | 0 | @a统计物理学@j教材 |
| 690 | @aO4@v5 | |
| 690 | @aO414.2@v5 | |
| 701 | 0 | @c(美)@a瑞夫@9rui fu@c(Reif, F.)@4著 |
| 702 | 0 | @a周世勋@9zhou shi xun@4译 |
| 702 | 0 | @a徐正惠@9xu zheng hui@4译 |
| 702 | 0 | @a龚少明@9gong shao ming@4译 |
| 801 | 0 | @aCN@b人天书店@c20160921 |
| 905 | @b986534-37@dO4@e711:5@f4 | |
| 伯克利物理学教程:SI版.第5卷.统计物理学=Berkeley physics course.Statistical physics:翻译版/(美)F.瑞夫(F. Reif)著/周世勋,徐正惠,龚少明译.-北京:机械工业出版社,2016.08 |
| 19,335页:图;25cm |
| “十三五”国家重点出版物出版规划项目.-使用对象:高等院校物理学相关人员 |
| ISBN 978-7-111-50445-0(精装):CNY78.00 |
| 本书共8章:宏观体系的特征、基本的几率概念、多粒子体系的统计描述、热相互作用、微观理论与宏观测量、经典近似中的正则分布、一般热力学相互作用,以及输运过程分子运动论基础。 |
| ● |
| 相关链接 |
|
|
|
|
正题名:伯克利物理学教程
索取号:O4/711:5
 
预约/预借
| 序号 | 登录号 | 条形码 | 馆藏地/架位号 | 状态 | 备注 |
| 1 | 986534 | 209865341 | 第二样本阅览室/ [索取号:O4/711:5] | 在馆 | |
| 2 | 986535 | 209865350 | 第三借阅区/ [索取号:O4/711:5] | 在馆 | |
| 3 | 986536 | 209865369 | 第三借阅区/ [索取号:O4/711:5] | 在馆 | |
| 4 | 986537 | 209865378 | 物理系资料室/ [索取号:O4/711:5] | 在馆 |